000 00557nam a22001817a 4500
999 _c15225
_d15225
003 AR-CdUCM
008 190426b ||||| |||| 00| 0 spa d
040 _aMUNICIPALIDAD PROVINCIAL DEL CUSCO
_cBIBLIOTECA MUNICIPAL DEL CUSCO
082 _aC / 985.033 /
_bV18
100 _aValcárcel, Carlos Daniel
_96185
245 _aTúpac Amaru :
_bdrama histórico /
260 _aLima :
_bMiguel Scorza Editores,
_c1966.
300 _a63 páginas ;
_c16 cm.
505 _aTeatro.
650 _aTeatro de Tupac Amaru.
_934263
942 _2ddc
_cLIBROS
945 _awfj